| 000 | 00958nam a22002777a 4500 | ||
|---|---|---|---|
| 001 | 4786 | ||
| 003 | FISKH | ||
| 005 | 20241014090339.0 | ||
| 008 | 241014b cb ||||| |||| 00| 0 eng d | ||
| 020 | _a9780399243462 | ||
| 040 |
_aFISKH _beng _cFISKH _dFISKH |
||
| 050 | _aPZ7.T2134 | ||
| 082 | _a823.92 | ||
| 100 | _aTaylor, G.P. | ||
| 245 |
_aThe Shadowmancer Returns : _bThe Curse of Salamander Street / _cby G.P. Taylor |
||
| 260 |
_aNew York : _bThe Penguin Group ; _c2006. |
||
| 300 |
_a240 pages : _billustrations ; _c24 cm . |
||
| 490 | _a The Shadowmancer Quartet | ||
| 505 | _aR | ||
| 520 | _aIn this sequel to Shadowmancer, Thomas, Kate, and Raphah flee from the evil sorceror Dumurral and head to London, where they soon discover that their battle with the forces of evil has just begun. | ||
| 521 | 8 |
_a780
_bLexile |
|
| 521 | 8 |
_aR
_bRaz-Plus |
|
| 650 |
_amagic _vFiction |
||
| 942 |
_2ddc _cBK _n0 |
||
| 999 |
_c4786 _d4786 |
||